| 000 | 00623nam a2200181 4500 | ||
|---|---|---|---|
| 001 | 121272 | ||
| 003 | ES-MaACL | ||
| 007 | t| | ||
| 008 | 070214s1999 sp r ||||1| spa d | ||
| 100 | 1 |
_aPoole, Lon. _993078 |
|
| 245 | 1 | 0 |
_aAlgunos programas de uso común en basic _b: edición para Apple II / _cLon Poole, Mary Borchers, David M. Castlewitz ; traducción de Luis Joyanes Aguilar. |
| 260 |
_aMadrid : _bOsborne, _c1983. |
||
| 300 |
_a200 p. ; _c28 cm. |
||
| 700 | 1 |
_aBorchers, Mary. _930371 |
|
| 700 | 1 |
_aCastlewitz, David M. _936795 |
|
| 700 | 1 |
_aJoyanes Aguilar, Luis. _967073 |
|
| 852 |
_aES-MaACL _jL-7490 _bR.107990 |
||
| 999 |
_c121272 _d121272 |
||